[Event "Just Married! - Vigh Reni and Ursus"]
[Site "SchemingMind.com"]
[Date "2008.08.12"]
[Round "-"]
[White "Faloan"]
[Black "Theodoric"]
[Result "1-0"]
[WhiteCountry "GER"]
[BlackCountry "ENG"]
[WhiteElo "2247"]
[WhiteRD "104"]
[BlackElo "2030"]
[BlackRD "69"]
[GameID "167042"]

1. e4 d5 2. exd5 Nf6 3. Nf3 Nxd5 4. d4 g6 5. c4 Nf6 6. Nc3 Bg7 7. Be2 O-O 8. O-O c6 9. Be3 Ng4 10. Bf4 Re8
11. h3 Nf6 12. Qd2 Bf5 13. Rad1 Nbd7 14. g4 g5 15. Bxg5 Be4 16. Ne5 Bg6 17. Qf4 Qb6 18. Rd2 Rad8 19. Rfd1 Nf8 20. d5 cxd5
21. cxd5 a6 22. h4 h5 23. Bxf6 Qxf6 24. Qxf6 Bxf6 25. Nxg6 Nxg6 26. gxh5 Nf4 27. Ne4 Nxe2+ 28. Rxe2 b6 29. Nxf6+ exf6 30. Rxe8+ Rxe8
31. Kg2 Rd8 32. d6 Rd7 33. Kg3 Kg7 34. Kg4 Kh6 35. Rd3 b5 36. b4 Kh7 37. Rd5 Kh6 38. Kf4 Kh7 39. Kf5
1-0

[Event "Just Married! - Vigh Reni and Ursus"]
[Site "SchemingMind.com"]
[Date "2008.08.13"]
[Round "-"]
[White "Theodoric"]
[Black "Faloan"]
[Result "0-1"]
[WhiteCountry "ENG"]
[BlackCountry "GER"]
[WhiteElo "2030"]
[WhiteRD "69"]
[BlackElo "2247"]
[BlackRD "104"]
[GameID "167053"]

1. e4 d5 2. exd5 Nf6 3. d4 Bg4 4. f3 Bf5 5. c4 e6 6. dxe6 Nc6 7. Ne2 Nb4 8. Kf2 fxe6 9. Ng3 Bg6 10. Na3 e5
11. Be3 exd4 12. Qxd4 Qxd4 13. Bxd4 O-O-O 14. Be3 Bd6 15. Be2 Rhf8 16. Kf1 Be5 17. Bc5 Bxb2 18. Bxb4 Bxa1 19. Bxf8 Rxf8 20. h4 h5
21. c5 Rd8 22. Nc4 Rd5 23. c6 b5 24. Na5 Bc3 25. Nb3 a5 26. Kg1 a4 27. Nc1 Kb8 28. Kh2 Ka7 29. f4 Kb6 30. Bf3 Rd2
31. Nf1 Rb2 32. Ne3 Bd2 33. f5 Bh7 34. Nd5+ Nxd5 35. Bxd5 Bf4+ 36. Kg1 Bxf5
0-1

[Event "Just Married! - Vigh Reni and Ursus"]
[Site "SchemingMind.com"]
[Date "2008.08.13"]
[Round "-"]
[White "Ursus"]
[Black "smothered mate"]
[Result "1-0"]
[WhiteCountry "INT"]
[BlackCountry "POL"]
[WhiteElo "1719"]
[WhiteRD "79"]
[BlackElo "1882"]
[BlackRD "54"]
[GameID "167172"]

1. e4 d5 2. exd5 Qxd5 3. Nc3 Qd6 4. Nf3 a6 5. Bc4 Nf6 6. a4 Nc6 7. h3 e5 8. Qe2 Bf5 9. d3 O-O-O 10. O-O Nd4
11. Nxd4 exd4 12. Nb5 axb5 13. axb5 Kb8 14. b3 h5 15. Ba3 Qb6 16. c3 Ng4 17. Bxf8 Rdxf8 18. Qa2 c5 19. hxg4 hxg4 20. Bxf7 Qh6
21. Qa7+ Kc7 22. Qxc5+ Kb8 23. Qe5+ Kc8 24. Ra8+ Kd7 25. Qxf5+ Kc7 26. Qc5+ Kd7 27. Be6+ Kxe6 28. Re1+ Kf7 29. Rxf8+ Rxf8 30. Qd5+ Kg6
31. Re6+ Rf6 32. Rxf6+ gxf6 33. Qe4+ Kh5 34. Qxd4 g3 35. Qd5+ Kg6 36. Qe4+ Kf7 37. Qxb7+ Kg6 38. Qe4+ Kf7 39. Qc4+ Kg6 40. Qg8+ Kf5
41. Qxg3 Qc1+ 42. Kh2 Qxc3 43. Qh3+ Kg5 44. Qe3+ Kh5 45. Qf3+ Kg5 46. Qd5+ Kh6 47. Qc4 Qe5+ 48. g3 Qe2 49. Kg2 Kg5 50. Qf4+ Kg6
51. Qe4+ Qxe4+ 52. dxe4 Kg5 53. f4+ Kg4 54. b6 Kh5 55. b7
1-0

[Event "Just Married! - Vigh Reni and Ursus"]
[Site "SchemingMind.com"]
[Date "2008.08.13"]
[Round "-"]
[White "smothered mate"]
[Black "Ursus"]
[Result "0-1"]
[WhiteCountry "POL"]
[BlackCountry "INT"]
[WhiteElo "1878"]
[WhiteRD "51"]
[BlackElo "1715"]
[BlackRD "79"]
[GameID "167176"]

1. e4 d5 2. exd5 Nf6 3. c4 c6 4. dxc6 Nxc6 5. Nf3 e5 6. Nc3 Bc5 7. Qe2 Ng4 8. Ne4 Bd4 9. h3 Nf6 10. d3 Bf5
11. Nfd2 O-O 12. Nxf6+ Qxf6 13. Ne4 Bxe4 14. dxe4 Rfd8 15. Qf3 Qxf3 16. gxf3 Nb4 17. Ke2 Nc2 18. Rb1 Rac8 19. b3 Bc5 20. Be3 Bb4
21. Rd1 Rxd1 22. Kxd1 Nxe3+ 23. fxe3 Rd8+ 24. Kc2 Rd2+ 25. Kb1 Bc3 26. Rg1 Rb2+ 27. Kc1 Rxa2 28. Rg2 Ra1+ 29. Kc2 Rxf1 30. Kxc3 Rxf3
31. Rd2 Rxe3+ 32. Kb4 Kf8 33. Rd7 b6 34. Rxa7 Rxh3 35. Rb7 Rh6 36. Kb5 g5 37. Rxb6 Rxb6+ 38. Kxb6 g4 39. c5 g3 40. c6 g2
41. c7 g1=Q+ 42. Kb7 Qc5 43. c8=Q+ Qxc8+ 44. Kxc8 h5 45. b4 h4 46. b5 h3 47. b6 h2 48. b7 h1=Q 49. b8=Q Qxe4 50. Kd7+ Kg7
51. Qb3 Qg4+ 52. Kd8 Qd4+ 53. Ke8 Qf4 54. Qc3 Qa4+ 55. Ke7 Qa7+ 56. Ke8 Qa4+ 57. Ke7 Qa7+ 58. Ke8 Qb8+ 59. Kd7 Qb6 60. Qxe5+ Qf6
61. Qg3+ Qg6 62. Qe5+ f6 63. Qb2 Qg4+ 64. Ke7 Qe4+ 65. Kd7 Qf5+ 66. Kc6 Kg6 67. Qg2+ Qg5 68. Qc2+ f5 69. Kb5 Kf6 70. Qc3+ Kg6
71. Qh8 f4+ 72. Kc4 Kf5 73. Qc8+ Ke4 74. Qc6+ Ke3 75. Qe6+ Kf3 76. Kd3 Qb5+ 77. Kd2 Qb2+ 78. Kd1 Qd4+ 79. Ke1 Qg1+ 80. Kd2 Qf2+
81. Kd1 Qg1+ 82. Kd2 Qe3+
0-1

[Event "Just Married! - Vigh Reni and Ursus"]
[Site "SchemingMind.com"]
[Date "2008.08.16"]
[Round "-"]
[White "lemmie"]
[Black "PankracyRozumek"]
[Result "0-1"]
[WhiteCountry "NED"]
[BlackCountry "POL"]
[WhiteElo "1728"]
[WhiteRD "48"]
[BlackElo "1957"]
[BlackRD "75"]
[GameID "167434"]

1. e4 d5 2. exd5 Nf6 3. d4 Bg4 4. f3 Bf5 5. g4 Bg6 6. Nc3 Nxd5 7. Nxd5 Qxd5 8. Bg2 Nc6 9. c3 e5 10. Qe2 Qe6
11. dxe5 O-O-O 12. Bf4 Bc5 13. a3 Bd3 14. Qd1 f6 15. Ne2 fxe5 16. Bg3 e4 17. fxe4 Bxe4 18. Bxe4 Rxd1+ 19. Rxd1 Qxe4
0-1

[Event "Just Married! - Vigh Reni and Ursus"]
[Site "SchemingMind.com"]
[Date "2008.08.16"]
[Round "-"]
[White "PankracyRozumek"]
[Black "lemmie"]
[Result "1-0"]
[WhiteCountry "POL"]
[BlackCountry "NED"]
[WhiteElo "1957"]
[WhiteRD "75"]
[BlackElo "1728"]
[BlackRD "48"]
[GameID "167440"]

1. e4 d5 2. exd5 Qxd5 3. Nc3 Qe5+ 4. Qe2 Qxe2+ 5. Bxe2 e6 6. Nf3 Nc6 7. O-O Nf6 8. d4 Bb4 9. Bf4 Bxc3 10. bxc3 Nd5
11. Bd2 a6 12. c4 Nf6 13. Bf4 O-O 14. Bxc7 h6 15. a3 Ne7 16. Nd2 Ne8 17. Ba5 Nf6 18. Bf3 Nf5 19. d5 exd5 20. cxd5 Nd4
21. c4 Nxf3+ 22. Nxf3 Bd7 23. Rab1 b5 24. cxb5 Bxb5 25. Rfd1 Ra7 26. d6 Be2 27. Rd4 Bxf3 28. gxf3 Re8 29. Rc1 Re6 30. Rc7 Ra8
31. d7 Nxd7 32. Rcxd7 Rae8 33. Rd8
1-0

[Event "Just Married! - Vigh Reni and Ursus"]
[Site "SchemingMind.com"]
[Date "2008.08.22"]
[Round "-"]
[White "Clive Everill"]
[Black "lame wolf"]
[Result "1-0"]
[WhiteCountry "CZE"]
[BlackCountry "INT"]
[WhiteElo "1719"]
[WhiteRD "48"]
[BlackElo "1062"]
[BlackRD "47"]
[GameID "168008"]

1. e4 d5 2. exd5 Qxd5 3. Nc3 Qd8 4. d4 e6 5. Bb5+ c6 6. Ba4 b5 7. Bb3 Bb4 8. Qd3 a6 9. Nf3 Bxc3+ 10. Qxc3 Qe7
11. Bg5 f6 12. Bh4 g5 13. Bg3 g4 14. Nh4 f5 15. O-O Qf7 16. f4 Ne7 17. Rfe1 Ra7 18. Bf2 Nd5 19. Bxd5 Rc7 20. Bb3 Ke7
21. Re2 c5 22. dxc5 Nc6 23. Qxh8 Nd8 24. Qe5 Rd7 25. Nxf5+ Qxf5 26. Qxf5
1-0

[Event "Just Married! - Vigh Reni and Ursus"]
[Site "SchemingMind.com"]
[Date "2008.08.21"]
[Round "-"]
[White "lame wolf"]
[Black "Clive Everill"]
[Result "0-1"]
[WhiteCountry "INT"]
[BlackCountry "CZE"]
[WhiteElo "1062"]
[WhiteRD "47"]
[BlackElo "1719"]
[BlackRD "48"]
[GameID "168016"]

1. e4 d5 2. e5 Bf5 3. d4 e6 4. Nf3 Bb4+ 5. c3 Ba5 6. Bd2 Ne7 7. b4 Bb6 8. Be3 O-O 9. a3 Nd7 10. c4 c6
11. c5 Bc7 12. b5 cxb5 13. Bxb5 a6 14. Bxd7 Qxd7 15. Nc3 Bg4 16. O-O Nf5 17. Qe2 Nxe3 18. Qxe3 f5 19. h3 Bh5 20. Rab1 Ba5
21. Qg5 Bg6 22. h4 Bxc3 23. h5 Be8 24. h6 g6 25. g4 fxg4 26. Nh2 Bxd4 27. Qxg4 Bxe5 28. Rb4 Bxh2+ 29. Kxh2 Qc7+
0-1

[Event "Just Married! - Vigh Reni and Ursus"]
[Site "SchemingMind.com"]
[Date "2008.08.23"]
[Round "-"]
[White "z"]
[Black "Fiesty 50"]
[Result "0-1"]
[WhiteCountry "IRQ"]
[BlackCountry "ENG"]
[WhiteElo "1754"]
[WhiteRD "60"]
[BlackElo "2125"]
[BlackRD "128"]
[GameID "168217"]

1. e4 d5 2. exd5 Qxd5 3. Nc3 Qa5 4. Bc4 Nf6 5. Nf3 Bf5 6. O-O e6 7. d4 c6 8. Bd2 Qc7 9. Qe2 Nbd7 10. d5 cxd5
11. Nxd5 Nxd5 12. Bxd5 Bd6 13. h3 O-O 14. Bb3 Nc5 15. Bc4 Rac8 16. Be3 Na4 17. Bb3 Nxb2 18. Bd4 Nc4 19. Nh4 Na5 20. Nxf5 exf5
21. Bd5 Nc6 22. Be3 b6 23. Qf3 f4 24. Bd2 Ne5 25. Qxf4 Nc4 26. Qxc4 Qxc4 27. Bxc4 Rxc4 28. c3 Be5 29. Rac1 Rfc8 30. Rfe1 f6
31. Re3 b5 32. a3 Kf7 33. g3 a6 34. Kf1 Bd6 35. Ra1 R8c5 36. Ke2 Be5 37. f4 Bxc3 38. Rc1 Bxd2 39. Rxc4 Bxe3
0-1

[Event "Just Married! - Vigh Reni and Ursus"]
[Site "SchemingMind.com"]
[Date "2008.08.23"]
[Round "-"]
[White "Fiesty 50"]
[Black "z"]
[Result "1-0"]
[WhiteCountry "ENG"]
[BlackCountry "IRQ"]
[WhiteElo "2125"]
[WhiteRD "128"]
[BlackElo "1754"]
[BlackRD "60"]
[GameID "168224"]

1. e4 d5 2. exd5 Nf6 3. d4 Nxd5 4. Nf3 Bg4 5. h3 Bxf3 6. Qxf3 Nc6 7. Bb5 Nb4 8. O-O a6 9. Bxc6+ Nxc6 10. d5 Nb4
11. Qb3 e6 12. c4 a5 13. a3 Na6 14. Qb5+ Qd7 15. Qxb7 Qc8 16. Qc6+ Ke7 17. Nc3 Qe8 18. d6+ cxd6 19. Nd5+ Kd8 20. Qxa8+
1-0

[Event "Just Married! - Vigh Reni and Ursus"]
[Site "SchemingMind.com"]
[Date "2008.08.28"]
[Round "-"]
[White "namloc"]
[Black "tyler199"]
[Result "1-0"]
[WhiteCountry "IRL"]
[BlackCountry "CAN"]
[WhiteElo "1773"]
[WhiteRD "139"]
[BlackElo "1763"]
[BlackRD "60"]
[GameID "168864"]

1. e4 d5 2. exd5 Qxd5 3. Nc3 Qa5 4. d4 Nf6 5. Nf3 Bf5 6. Bd2 c6 7. Bd3 Bxd3 8. cxd3 e6 9. O-O Nbd7 10. Qb3 Qc7
11. Rac1 Be7 12. Nb5 Qd8 13. Nc3 Qb6 14. Qc4 O-O 15. Rfe1 Nd5 16. Nxd5 cxd5 17. Qc7 Rfd8 18. Qxb6 Nxb6 19. Rc7 Rd7 20. Rec1 Bd6
21. Rxd7 Nxd7 22. Ne5 Nxe5 23. dxe5 Bxe5 24. g3 Kf8 25. Bc3 Rc8 26. Bb4+
1-0

[Event "Just Married! - Vigh Reni and Ursus"]
[Site "SchemingMind.com"]
[Date "2008.08.28"]
[Round "-"]
[White "tyler199"]
[Black "namloc"]
[Result "1-0"]
[WhiteCountry "CAN"]
[BlackCountry "IRL"]
[WhiteElo "1633"]
[WhiteRD "53"]
[BlackElo "1743"]
[BlackRD "119"]
[GameID "168869"]

1. e4 d5 2. exd5 Qxd5 3. Nc3 Qa5 4. d4 Nc6 5. Nf3 Nf6 6. Bb5 Nd5 7. Bd2 Nxc3 8. Bxc6+ bxc6 9. Bxc3 Qb5 10. Qe2 Rb8
11. Ne5 Qxe2+ 12. Kxe2 Bf5 13. Nxc6 Rb6 14. Nxa7 Bxc2 15. Rhc1 Re6+ 16. Kd2 Be4 17. f3 Bd5 18. Nb5 Rg6 19. Nxc7+ Kd7 20. Nxd5 Rxg2+
21. Kd1 e6 22. Nf4 Rxh2 23. a4 Bd6 24. Nd3 Rh1+ 25. Kc2 Rh2+ 26. Kb3 Rb8+ 27. Ka2 h5 28. a5 Rh3 29. a6 Rb6 30. Kb1 Rb8
31. a7 Ra8 32. d5 Rxf3 33. Ne5+ Bxe5 34. Bxe5 g6 35. Rc7+ Kd8 36. Rb7 Rf1+ 37. Kc2 Rxa1 38. Rb8+ Kd7 39. Rxa8 exd5 40. Rf8
1-0

[Event "Just Married! - Vigh Reni and Ursus"]
[Site "SchemingMind.com"]
[Date "2008.09.12"]
[Round "-"]
[White "Han Solo"]
[Black "jesusch"]
[Result "1-0"]
[WhiteCountry "HUN"]
[BlackCountry "ESP"]
[WhiteElo "1916"]
[WhiteRD "76"]
[BlackElo "1643"]
[BlackRD "91"]
[GameID "170830"]

1. e4 d5 2. exd5 Qxd5 3. Nc3 Qa5 4. d4 Nf6 5. Nf3 Bg4 6. h3 Bh5 7. g4 Bg6 8. Ne5 e6 9. Bg2 c6 10. Bd2 Qb6
11. Qe2 Qxd4 12. O-O-O Nbd7 13. Nxg6 hxg6 14. f4 Bc5 15. Rhf1 O-O-O 16. f5 gxf5 17. gxf5 e5 18. a3 Qh4 19. Rf3 Bd4 20. Na4 Nh5
21. Kb1 Nf4 22. Bxf4 b5 23. Bg3 Qe7 24. Rxd4 bxa4 25. Qa6+ Kb8 26. Qxc6 Rh6 27. Rb3+ axb3 28. Qb7#
1-0

[Event "Just Married! - Vigh Reni and Ursus"]
[Site "SchemingMind.com"]
[Date "2008.09.12"]
[Round "-"]
[White "jesusch"]
[Black "Han Solo"]
[Result "0-1"]
[WhiteCountry "ESP"]
[BlackCountry "HUN"]
[WhiteElo "1643"]
[WhiteRD "91"]
[BlackElo "1916"]
[BlackRD "76"]
[GameID "170839"]

1. e4 d5 2. exd5 Nf6 3. Bb5+ Bd7 4. Bc4 Bg4 5. Nf3 Nxd5 6. d4 e6 7. h3 Bh5 8. Qe2 Be7 9. O-O O-O 10. Bd3 Nc6
11. g4 Bg6 12. Bxg6 hxg6 13. c4 Nf6 14. Be3 Ne4 15. Nc3 Ng5 16. Bxg5 Bxg5 17. d5 exd5 18. cxd5 Nb4 19. Nxg5 Qxg5 20. Qb5 Nc2
21. Rac1 Nd4 22. Qxb7 Qf4 23. Kg2 Rfb8 24. Qa6 Qf3+ 25. Kh2 Rxb2 26. Nd1 Qf4+ 27. Kg2 Qxc1 28. Nxb2 Qxb2 29. Rd1 Qb5 30. Qxb5 Nxb5
31. Rb1 Nc3 32. Rc1 Nxd5 33. Rc5 Nf4+ 34. Kg3 Ne6 35. Ra5 Kf8 36. Kf3 Ke7 37. Ke3 c5 38. a4 Kd7 39. Rb5 Kc6 40. Ra5 a6
0-1

[Event "Just Married! - Vigh Reni and Ursus"]
[Site "SchemingMind.com"]
[Date "2008.09.22"]
[Round "-"]
[White "PankracyRozumek"]
[Black "Clive Everill"]
[Result "1-0"]
[WhiteCountry "POL"]
[BlackCountry "CZE"]
[WhiteElo "1977"]
[WhiteRD "84"]
[BlackElo "1663"]
[BlackRD "50"]
[GameID "171583"]

1. e4 d5 2. exd5 Qxd5 3. Nc3 Qa5 4. Bc4 Nf6 5. Nge2 Bg4 6. O-O e6 7. h3 Bh5 8. a3 Bd6 9. b4 Qe5 10. f4 Bxe2
11. fxe5 Bxd1 12. exd6 Bxc2 13. dxc7 Nc6 14. Nb5 Ne4 15. d3 Nf6 16. Nd6+ Kd7 17. Nxf7 Rhf8 18. Ng5 Nd4 19. Bb2 Nf5 20. Bxe6+ Kxc7
21. Bxf5 Bb3 22. Rac1+ Kd6 23. Rfe1 g6 24. Be5+ Ke7 25. Bb8+ Kd8 26. Rc8#
1-0

[Event "Just Married! - Vigh Reni and Ursus"]
[Site "SchemingMind.com"]
[Date "2008.09.22"]
[Round "-"]
[White "Clive Everill"]
[Black "PankracyRozumek"]
[Result "0-1"]
[WhiteCountry "CZE"]
[BlackCountry "POL"]
[WhiteElo "1663"]
[WhiteRD "50"]
[BlackElo "1977"]
[BlackRD "84"]
[GameID "171593"]

1. e4 d5 2. exd5 Nf6 3. Bb5+ Bd7 4. Bxd7+ Qxd7 5. Nc3 Nxd5 6. Nf3 e6 7. O-O Nc6 8. d3 Bd6 9. Nxd5 exd5 10. Re1+ Ne7
11. Be3 O-O 12. b3 c5 13. c4 d4 14. Bd2 Ng6 15. Re4 Rfe8 16. Ng5 Re7 17. Rxe7 Qxe7 18. Ne4 Bc7 19. Qf3 h6 20. Qf5 b6
21. Re1 Qe5 22. Qh5 Qxh5
0-1

[Event "Just Married! - Vigh Reni and Ursus"]
[Site "SchemingMind.com"]
[Date "2008.09.21"]
[Round "-"]
[White "lucho-sc"]
[Black "Archon"]
[Result "0-1"]
[WhiteCountry "URU"]
[BlackCountry "CAN"]
[WhiteElo "1037"]
[WhiteRD "74"]
[BlackElo "1693"]
[BlackRD "57"]
[GameID "172210"]

1. e4 d5 2. Nc3 d4 3. Nce2 e5 4. Ng3 Nf6 5. Nf3 Bd6 6. Bb5+ c6 7. Bc4 O-O 8. c3 c5 9. Qb3 Nc6 10. Ng5 Qc7
11. Nf5 Bxf5 12. f3 Bd7 13. Nxf7 Na5 14. Nxd6+ Nxc4 15. Qxc4+ Kh8 16. Nf7+ Rxf7 17. Qxf7 Qb6 18. d3 dxc3 19. Bg5 cxb2 20. O-O bxa1=Q
21. Rxa1 Be6 22. Qe7 c4+ 23. Kf1 cxd3 24. Rc1 d2 25. Bxd2 Re8 26. Qc7 Qa6+ 27. Ke1 Rc8 28. Qe7 Rxc1+ 29. Bxc1 Qc6 30. Qa3 h6
31. Be3 a6 32. h4 Nh5 33. g4 Nf4 34. Qf8+ Bg8 35. Bxf4 exf4 36. g5 Qc1+ 37. Kf2 Qe3+ 38. Kg2 Qe2+ 39. Kh3 Qf1+ 40. Kg4 hxg5
41. Kxg5 Qg1+ 42. Kxf4 Qh2+
0-1

[Event "Just Married! - Vigh Reni and Ursus"]
[Site "SchemingMind.com"]
[Date "2008.09.21"]
[Round "-"]
[White "Archon"]
[Black "lucho-sc"]
[Result "1-0"]
[WhiteCountry "CAN"]
[BlackCountry "URU"]
[WhiteElo "1718"]
[WhiteRD "54"]
[BlackElo "1181"]
[BlackRD "87"]
[GameID "172225"]

1. e4 d5 2. exd5 Qxd5 3. Nc3 Qa5 4. d4 Nc6 5. Nf3 Bf5 6. Bc4 e6 7. Bd2 O-O-O 8. Nd5 Qa4 9. Bb3 Qb5 10. Nc3 Qa5
11. O-O Bb4 12. a3 Nxd4 13. axb4 Qxb4 14. Rxa7 Nf6 15. Ra8+ Kd7 16. Ne5+ Kd6 17. Nxf7+ Ke7 18. Rxd8 Rxd8 19. Nd5+ Nxd5 20. Bxb4+ Kxf7
21. Qxd4 b6 22. Bc3 Rd6 23. Qxg7+ Ke8 24. Ba4+ Kd8 25. Qf8#
1-0

[Event "Just Married! - Vigh Reni and Ursus"]
[Site "SchemingMind.com"]
[Date "2008.10.03"]
[Round "-"]
[White "Schaakmaatje"]
[Black "Phil Cook"]
[Result "0-1"]
[WhiteCountry "NED"]
[BlackCountry "NZL"]
[WhiteElo "1767"]
[WhiteRD "51"]
[BlackElo "1915"]
[BlackRD "97"]
[GameID "172987"]

1. e4 d5 2. exd5 Qxd5 3. Nc3 Qa5 4. d4 Nf6 5. Bd3 e6 6. Ne2 Be7 7. O-O O-O 8. Bd2 Bd7 9. Nf4 Qb6 10. d5 Na6
11. Be3 Qxb2 12. Bd4 Qa3 13. Rb1 Nc5 14. dxe6 fxe6 15. Re1 Nxd3 16. Qxd3 Qd6 17. Qe3 Ng4
0-1

[Event "Just Married! - Vigh Reni and Ursus"]
[Site "SchemingMind.com"]
[Date "2008.09.30"]
[Round "-"]
[White "Phil Cook"]
[Black "Schaakmaatje"]
[Result "1-0"]
[WhiteCountry "NZL"]
[BlackCountry "NED"]
[WhiteElo "1915"]
[WhiteRD "97"]
[BlackElo "1767"]
[BlackRD "51"]
[GameID "172996"]

1. e4 d5 2. exd5 Nf6 3. d4 Nxd5 4. Nf3 Bf5 5. Bd3 Bxd3 6. Qxd3 e6 7. O-O Nd7 8. Qb3 N5b6 9. c4 c5 10. d5 exd5
11. cxd5 Bd6 12. Re1+ Kf8 13. Na3 a6 14. Bd2 Rc8 15. Ba5 c4 16. Nxc4 Bc5 17. Rac1 h5 18. Nxb6 Nxb6 19. Rxc5 Rxc5 20. Bxb6 Rc7
21. Bxc7
1-0

[Event "Just Married! - Vigh Reni and Ursus"]
[Site "SchemingMind.com"]
[Date "2008.10.21"]
[Round "-"]
[White "Fiesty 50"]
[Black "demiurg"]
[Result "1-0"]
[WhiteCountry "ENG"]
[BlackCountry "HUN"]
[WhiteElo "2231"]
[WhiteRD "121"]
[BlackElo "2332"]
[BlackRD "68"]
[GameID "175747"]

1. e4 d5 2. exd5 Nf6 3. d4 Nxd5 4. Nf3 Bg4 5. Be2 Nc6 6. c4 Nb6 7. O-O e6 8. Nc3 Be7 9. d5 exd5 10. cxd5 Nb4
11. Qd4 Bxf3 12. Qxg7 Bf6 13. Bb5+ c6 14. Re1+ Kd7 15. Qxf7+ Kc8 16. Qe6+ Nd7 17. dxc6 Bxc6 18. Bxc6 Nxc6 19. Nd5 Nd4 20. Qd6 Nb8
21. Qxf6 Qxf6 22. Nxf6 Nc2 23. Bh6 Nxa1 24. Rxa1 Nc6 25. h4 Kc7 26. h5
1-0

[Event "Just Married! - Vigh Reni and Ursus"]
[Site "SchemingMind.com"]
[Date "2008.10.21"]
[Round "-"]
[White "demiurg"]
[Black "Fiesty 50"]
[Result "1/2-1/2"]
[WhiteCountry "HUN"]
[BlackCountry "ENG"]
[WhiteElo "2362"]
[WhiteRD "69"]
[BlackElo "2174"]
[BlackRD "122"]
[GameID "175755"]

1. e4 d5 2. exd5 Qxd5 3. Nc3 Qa5 4. d4 Nf6 5. Nf3 Bf5 6. Ne5 c6 7. Bd3 Bxd3 8. Qxd3 Nbd7 9. f4 e6 10. O-O Rd8
11. Qe2 Bd6 12. Bd2 Qb6 13. Nc4 Qc7 14. a4 O-O 15. Rad1 Rfe8 16. Nxd6 Qxd6 17. Be1=
1/2-1/2

[Event "Just Married! - Vigh Reni and Ursus"]
[Site "SchemingMind.com"]
[Date "2008.10.28"]
[Round "-"]
[White "Apocalypse"]
[Black "Faloan"]
[Result "1/2-1/2"]
[WhiteCountry "USA"]
[BlackCountry "GER"]
[WhiteElo "2350"]
[WhiteRD "73"]
[BlackElo "2246"]
[BlackRD "104"]
[GameID "176059"]

1. e4 d5 2. d4 dxe4 3. Nc3 Nf6 4. f3 exf3 5. Nxf3 c6 6. Bc4 Bf5 7. Ne5 e6 8. g4 Nfd7 9. gxf5 Qh4+ 10. Kf1 Nxe5
11. Be2 Qh3+ 12. Ke1 Ned7 13. fxe6 Qxe6 14. Kf2 Be7 15. Kg2 Qg6+ 16. Kf1 Nb6 17. a4 N8d7 18. a5 Nd5 19. Nxd5 cxd5 20. Rg1 Qf5+
21. Kg2=
1/2-1/2

[Event "Just Married! - Vigh Reni and Ursus"]
[Site "SchemingMind.com"]
[Date "2008.10.28"]
[Round "-"]
[White "Faloan"]
[Black "Apocalypse"]
[Result "1/2-1/2"]
[WhiteCountry "GER"]
[BlackCountry "USA"]
[WhiteElo "2246"]
[WhiteRD "104"]
[BlackElo "2350"]
[BlackRD "73"]
[GameID "176068"]

1. e4 d5 2. exd5 Qxd5 3. Nc3 Qd6 4. d4 Nf6 5. Nf3 a6 6. g3 Bg4 7. h3 Bh5 8. Bf4 Qb6 9. Bg2 Nc6 10. O-O O-O-O
11. g4 Bg6 12. Na4 Qa7 13. c3 h6 14. b4 e6 15. Qd2 Nd5 16. Bg3 f6 17. Rfe1 Bf7 18. Nc5 Bxc5 19. bxc5 Nde7 20. Qb2 Rd7
21. Re2 g5=
1/2-1/2

[Event "Just Married! - Vigh Reni and Ursus"]
[Site "SchemingMind.com"]
[Date "2008.11.11"]
[Round "-"]
[White "tyler199"]
[Black "Shaka"]
[Result "0-1"]
[WhiteCountry "CAN"]
[BlackCountry "VEN"]
[WhiteElo "1559"]
[WhiteRD "47"]
[BlackElo "1817"]
[BlackRD "73"]
[GameID "178525"]

1. e4 d5 2. exd5 Qxd5 3. Nc3 Qa5 4. d4 c6 5. Nf3 Nf6 6. Bc4 Bg4 7. h3 Bxf3 8. Qxf3 e6 9. Bf4 Nbd7 10. O-O Be7
11. Rfe1 O-O 12. Ne4 Nxe4 13. Rxe4 Nf6 14. Re5 Qb6 15. Qc3 Rac8 16. Re2 Nd5 17. Bxd5= cxd5 18. Qb3 Rc6 19. Qxb6 Rxb6 20. c3 Rc8
21. Rae1 Rbc6 22. g4 a6 23. a4 b5 24. axb5 axb5 25. Ra1 b4 26. Rc2 bxc3 27. Rxc3 Rxc3 28. bxc3 h6 29. Ra7 Bf6 30. Rc7= Ra8
31. c4 dxc4 32. Rxc4 Ra1+
0-1

[Event "Just Married! - Vigh Reni and Ursus"]
[Site "SchemingMind.com"]
[Date "2008.11.11"]
[Round "-"]
[White "Shaka"]
[Black "tyler199"]
[Result "1-0"]
[WhiteCountry "VEN"]
[BlackCountry "CAN"]
[WhiteElo "1771"]
[WhiteRD "76"]
[BlackElo "1687"]
[BlackRD "56"]
[GameID "178531"]

1. e4 d5 2. exd5 Qxd5 3. Nc3 Qa5 4. d4 Nf6 5. h3 c6 6. Nf3 Bf5 7. Be2 e6 8. O-O Nbd7 9. Bf4 c5 10. Re1 cxd4
11. Nxd4 Qb6 12. Nxf5 exf5= 13. Bc4+ Be7 14. Qe2 Qd8 15. Bd6 Ng8 16. Nd5
1-0

[Event "Just Married! - Vigh Reni and Ursus"]
[Site "SchemingMind.com"]
[Date "2008.12.21"]
[Round "-"]
[White "Phil Cook"]
[Black "Archon"]
[Result "1-0"]
[WhiteCountry "NZL"]
[BlackCountry "CAN"]
[WhiteElo "1978"]
[WhiteRD "96"]
[BlackElo "1694"]
[BlackRD "57"]
[GameID "184159"]

1. e4 d5 2. exd5 Qxd5 3. Nc3 Qd6 4. d4 c6 5. Bd3 Nf6 6. Nf3 g6 7. O-O Bg7 8. Bg5 Bg4 9. h3 Bxf3 10. Qxf3 O-O
11. Rad1 Nbd7 12. Bc4 e6 13. Bb3 Nd5 14. Ne4 Qc7 15. c4 N5b6 16. Bf4 Qd8 17. a4 Nf6 18. Bg5 Nbd7 19. d5 cxd5 20. cxd5 exd5
21. Rxd5 Qb6 22. Bxf6 Nxf6 23. Rd6 Qxb3 24. Nxf6+ Bxf6 25. Qxb3
1-0

[Event "Just Married! - Vigh Reni and Ursus"]
[Site "SchemingMind.com"]
[Date "2008.12.21"]
[Round "-"]
[White "Archon"]
[Black "Phil Cook"]
[Result "0-1"]
[WhiteCountry "CAN"]
[BlackCountry "NZL"]
[WhiteElo "1695"]
[WhiteRD "59"]
[BlackElo "1926"]
[BlackRD "100"]
[GameID "184164"]

1. e4 d5 2. exd5 Qxd5 3. Nc3 Qa5 4. d4 Nf6 5. Bc4 Nc6 6. Nf3 Bg4 7. Be3 O-O-O 8. O-O e5 9. d5 e4 10. dxc6 Rxd1
11. cxb7+ Kxb7 12. Rfxd1 exf3 13. b4 Qh5 14. Rd8 fxg2 15. Ba6+ Kxa6 16. Rb8 Bd6 17. b5+ Ka5
0-1

[Event "Just Married! - Vigh Reni and Ursus"]
[Site "SchemingMind.com"]
[Date "2008.12.29"]
[Round "-"]
[White "PankracyRozumek"]
[Black "Faloan"]
[Result "0-1"]
[WhiteCountry "POL"]
[BlackCountry "GER"]
[WhiteElo "1977"]
[WhiteRD "89"]
[BlackElo "2211"]
[BlackRD "103"]
[GameID "184987"]

1. e4 d5 2. exd5 Nf6 3. d4 Bg4 4. Nf3 Qxd5 5. Be2 Nc6 6. h3 Bxf3 7. Bxf3 Qd7 8. O-O O-O-O 9. c3 e5 10. Bg5 exd4
11. Bg4 Nxg4 12. Bxd8 Nxf2 13. Rxf2 Qxd8 14. cxd4 Qxd4 15. Qxd4 Nxd4 16. Nc3 Bc5 17. Na4 Ne2+ 18. Kf1 Bxf2 19. Kxf2 Nf4 20. Kg3 Ne6
21. Rf1 f6 22. Re1 Kd7 23. Rd1+ Ke7 24. Re1 b6 25. Nc3 Rd8 26. Re2 Kf7 27. Nb5 Nd4 28. Nxd4 Rxd4 29. Kf3 c5 30. Rc2 f5
31. g3 g5 32. Rf2 Rd3+ 33. Ke2 Rxg3
0-1

[Event "Just Married! - Vigh Reni and Ursus"]
[Site "SchemingMind.com"]
[Date "2008.12.29"]
[Round "-"]
[White "Faloan"]
[Black "PankracyRozumek"]
[Result "1-0"]
[WhiteCountry "GER"]
[BlackCountry "POL"]
[WhiteElo "2211"]
[WhiteRD "103"]
[BlackElo "1977"]
[BlackRD "89"]
[GameID "184993"]

1. e4 d5 2. exd5 Nf6 3. Nf3 Nxd5 4. d4 Bg4 5. h3 Bh5 6. c4 Nb6 7. Nc3 e6 8. Be3 Be7 9. Be2 O-O 10. O-O Nc6
11. b3 Qd7 12. g4 Bg6 13. Ne5 Nxe5 14. dxe5 Rad8 15. f4 f5 16. Qc1 fxg4 17. hxg4 a6 18. Qb2 c5 19. Bf3 Qd3 20. Rae1 Qc2
21. Qxc2 Bxc2 22. Bxb7 a5 23. Be4 Bxe4 24. Nxe4 Rc8 25. Rd1 h6 26. Kg2 Rc7 27. f5 exf5 28. gxf5 Nd7 29. f6 gxf6 30. Bxh6 Rf7
31. e6
1-0